000 00512nam a2200181Ia 4500
008 220204s9999 xx 000 0 und d
020 _a0387241760
082 _a678-036
_bFRI
100 _aFriedrich, Klaus
245 0 _aPolymer composites: From nano-to macro-scale
260 _aNew York
_bSpringer Science Business Media
_c2005
650 _aFibre-reinforced composites
650 _aLoyered silicate
650 _aMacrocomposites
650 _aNanocomposites
650 _aPolymer blends
942 _cBK
999 _c42496
_d42496